Příručka supervizora Novell NetWare
Gespeichert in:
| 1. Verfasser: | |
|---|---|
| Weitere Verfasser: | |
| Format: | Buch |
| Sprache: | Tschechisch |
| Veröffentlicht: |
Pardubice
Systemconsult
1992
|
| Ausgabe: | 2. vyd. |
| Schlagworte: | |
| Tags: |
Keine Tags, Fügen Sie das erste Tag hinzu!
|
MARC
| LEADER | 00000nam a2200000 4500 | ||
|---|---|---|---|
| 001 | c001117 | ||
| 005 | 20221214090450.8 | ||
| 020 | |a 80-900344-4-6 | ||
| 041 | 0 | |a cze | |
| 044 | |a CZ | ||
| 245 | 1 | 0 | |a Příručka supervizora Novell NetWare |c Jan Pavlů, Pavel Heřman |
| 250 | |a 2. vyd. | ||
| 264 | 1 | |a Pardubice |b Systemconsult |c 1992 | |
| 300 | |a 192 s. | ||
| 610 | 2 | 0 | |a systémy operačné |
| 610 | 2 | 0 | |a Novell NetWare |
| 100 | 1 | |a Pavlů, Jan | |
| 700 | 1 | |a Heřman, Pavel | |